LEADER 02687cam0-22008051i-450- 001 990000846080403321 005 20090917104354.0 010 $a88-207-1689-5$bvol. 1 010 $a88-207-1701-8$bvol. 2 010 $a88-207-1959-2$bvol. 3 035 $a000084608 035 $aFED01000084608 035 $a(Aleph)000084608FED01 035 $a000084608 100 $a20020821g19871990km-y0itay50------ba 101 0 $aita 102 $aIT 105 $ay-------001yy 200 1 $a<>linguaggio Pascal$fCarlo Savy 210 $aNapoli$cLiguori$d1987-1990 215 $a3 v. (241; 344; 438 p.)$d24 cm$e2 floppy disk 307 $aAi vv. 2 e 3 č allegato un floppy disk 327 1 $a1.: La sintassi standard, la progettazione dei programmi, l'impiego del turbo Pascal. - 1987$a2.: Libreria di programmi in Pascal standard. - 1988$a3.: Libreria di programmi in Pascal standard : strutture dati, gestione archivi, programmi di utilitą. - 1990 610 0 $aLinguaggio Pascal 610 0 $aElaboratori elettronici$aProgrammazione$aLinguaggio Pascal 610 0 $aAutomazione$aLinguaggio Pascal 610 0 $aTeoria della programmazione e utilizzazione dei computers 610 0 $aSoftware 676 $a005.133 076 676 $a004 676 $a510.78 676 $a519.7 700 1$aSavy,$bCarlo$0651 801 0$aIT$bUNINA$gRICA$2UNIMARC 901 $aBK 912 $a990000846080403321 952 $a02 53 B 29$b6511$fFINBN 952 $a02 53 B 25$b6507$fFINBN 952 $a02 53 B 26$b6508$fFINBN 952 $a02 53 B 27$b6509$fFINBN 952 $a02 53 B 28$b6510$fFINBN 952 $a8B-256.001$b18038$fFI1 952 $a8B-256$b18037$fFI1 952 $a02 53 B 30$b6512$fFINBN 952 $a02 53 B 31$b6513$fFINBN 952 $a02 53 B 24$b6506$fFINBN 952 $a02 52 B 34$b5529$fFINBN 952 $a10 C 549/1$bDIEL 3381$fDINEL 952 $a10 C 549/2$bDIEL 3382$fDINEL 952 $a10 C 549/3$bDIBET$fDINEL 952 $aTECN B 1014(2)$b6196/877$fFARBC 952 $aTECN B 1014(3)$b6196/877$fFARBC 952 $a13 63 34$b10573$fFINBC 952 $a13 H 44 09$b5895$fFINBC 952 $a23 03 D 22$b58/Pr.$fFINAG 952 $a23 03 D 23$b129/Pr.$fFINAG 952 $a13 H 44 14$b6108$fFINBC 952 $a23 03 D 24$b57/Pr.$fFINAG 952 $a10 P.T. 575/3$b1902$fDINEL 952 $a10 P.T. 575/2$bDIBET$fDINEL 952 $a10 P.T. 647$b2709 DIS$fDINEL 952 $a10 P.T. 646$b2708 DIS$fDINEL 959 $aFINBN 959 $aFI1 959 $aFARBC 959 $aFINBC 959 $aFINAG 959 $aDINEL 996 $aLinguaggio Pascal$9348998 997 $aUNINA LEADER 05433nam 2200697Ia 450 001 996205997303316 005 20230721031110.0 010 $a1-281-31890-6 010 $a9786611318901 010 $a0-470-69185-9 010 $a0-470-69117-4 035 $a(CKB)1000000000410179 035 $a(EBL)351452 035 $a(OCoLC)437218701 035 $a(SSID)ssj0000250383 035 $a(PQKBManifestationID)11204731 035 $a(PQKBTitleCode)TC0000250383 035 $a(PQKBWorkID)10244478 035 $a(PQKB)10065632 035 $a(MiAaPQ)EBC351452 035 $a(EXLCZ)991000000000410179 100 $a20061204d2007 uy 0 101 0 $aeng 135 $aur|n|---||||| 181 $ctxt 182 $cc 183 $acr 200 00$aStable isotopes in ecology and environmental science$b[electronic resource] /$fedited by Robert Michener and Kate Lajtha 205 $a2nd ed. 210 $aMalden, MA $cBlackwell Pub.$d2007 215 $a1 online resource (594 p.) 225 1 $aEcological methods and concepts series 300 $aDescription based upon print version of record. 311 $a1-4051-2680-9 320 $aIncludes bibliographical references and index. 327 $aStable Isotopes in Ecology and Environmental Science; Contents; Contributors; Abbreviations; Introduction; 1. Stable isotope chemistry and measurement: a primer; Introduction; What isotopes are, what makes them distinct; Properties of ecologically useful stable isotopes; Technological advances and current trends in the ecological use of isotopes; Acknowledgments; References; 2. Sources of variation in the stable isotopic composition of plants; Introduction; Carbon isotopes; Nitrogen isotopes; Hydrogen and oxygen isotopes; Conclusions; References 327 $a3. Natural 15N- and 13C-abundance as indicators of forest nitrogen status and soil carbon dynamicsIntroduction; Significance of 15N-abundance to soil carbon sequestration; Vertical changes in soil 13C-abundance and soil carbon dynamics; Conclusions; Acknowledgments; References; 4. Soil nitrogen isotope composition; Introduction; Sources of variation in soil d15N; Patterns of soil nitrogen isotope composition; Conclusions; References; 5. Isotopic study of the biology of modern and fossil vertebrates; Introduction; Vertebrate tissues in the fossil record 327 $aControls on the isotopic composition of vertebrate tissuesPreservation of biogenic isotope compositions by vertebrate fossils; Paleobiological applications; Conclusions; A post-script on workshops and literature resources; References; 6. Isotopic tracking of migrant wildlife; Introduction; Basic principles; Marine systems; Terrestrial systems (excluding deuterium); Using deuterium patterns in precipitation; Conclusions; References; 7. Natural abundance of 15N in marine planktonic ecosystems; Introduction; Background; Isotopic variation in marine nitrogen 327 $aSource delineation and isotope budgetsAnimal fractionation and food web processes; Isotopic transients in marine systems; Compound-specific nitrogen isotope analyses; Conclusions; Acknowledgment; References; 8. Stable isotope studies in marine chemoautotrophically based ecosystems: An update; Introduction; Isotopic tracing of carbon at methane seeps; Whale falls; Hydrothermal vents; Conclusions; References; 9. Stable isotope ratios as tracers in marine food webs: An update; Introduction; Methods of assessing food webs; Phytoplankton and particulate organic carbon 327 $aPhytoplankton and particulate organic nitrogenMarine food webs; Stable isotopes in marine conservation biology; Conclusions; Acknowledgments; References; 10. Stable isotope tracing of temporal and spatial variability in organic matter sources to freshwater ecosystems; Introduction; Overview of river food webs and stable isotope approaches; Stable isotope ratios of organic matter sources in stream ecosystems; C, N, and S isotopic variability and its applications in river ecology; Conclusions; Acknowledgments; References; 11. Stable isotope tracers in watershed hydrology; Introduction 327 $aBasic concepts in watershed hydrology 330 $aThis book highlights new and emerging uses of stable isotope analysis in a variety of ecological disciplines. While the use of natural abundance isotopes in ecological research is now relatively standard, new techniques and ways of interpreting patterns are developing rapidly. The second edition of this book provides a thorough, up-to-date examination of these methods of research. As part of the Ecological Methods and Concepts series which provides the latest information on experimental techniques in ecology, this book looks at a wide range of techniques that use natural abundance iso 410 0$aEcological methods and concepts series. 606 $aStable isotopes in ecological research 606 $aChemistry 615 0$aStable isotopes in ecological research. 615 0$aChemistry. 676 $a577.072 676 $a577.076 686 $aUMW 152f$2stub 686 $aWC 2800$2rvk 686 $aWC 5300$2rvk 701 $aMichener$b Robert H$0896585 701 $aLajtha$b Kate$0507053 801 0$bMiAaPQ 801 1$bMiAaPQ 801 2$bMiAaPQ 906 $aBOOK 912 $a996205997303316 996 $aStable isotopes in ecology and environmental science$92003151 997 $aUNISA LEADER 02649nam 2200529 450 001 9910809749503321 005 20230125205110.0 035 $a(CKB)4330000000017439 035 $a(OCoLC)911067683 035 $a(CaBNvSL)swl00405087 035 $a(MiAaPQ)EBC4624461 035 $a(Au-PeEL)EBL4624461 035 $a(CaPaEBR)ebr11064187 035 $a(EXLCZ)994330000000017439 100 $a20190122d2015 uy 0 101 0 $aeng 135 $aurcnu|||||||| 181 $2rdacontent 182 $2rdamedia 183 $2rdacarrier 200 14$aThe academic, social, and psychological impacts of service learning /$fJoyce Duncan and Teresa Brooks Taylor 210 1$aNew York, NY :$cMomentum Press,$d[2015] 210 4$d©2015 215 $a1 online resource (xi, 69 pages) $cillustrations 225 1 $aEducational psychology collection 300 $aCo-published with Cognella Academic Publishing. 311 $a1-60650-793-1 320 $aIncludes bibliographical references (pages 59-66) and index. 327 $a1. Improving social welfare through service learning -- A brief history of social welfare -- The modern era -- Homelessness -- How many are there? -- Why are they homeless? -- Poverty -- Hunger -- Violence -- 327 $a2. Positive implications on the environment -- Pollution -- Environmental facts -- The environmental movement -- Environmental inequalities -- Saving the planet, reduce, reuse, recycle -- 327 $a3. Improving education through service learning -- Education and service-learning -- What is wrong with public education? -- Evolution of education -- Educational inequity and no child left behind -- Mentoring and tutoring -- The hidden curriculum -- Other educational offerings -- Other factors -- 327 $a4. Imparting social change -- Grassroots and community organizing -- Brief history of community organizing -- Group work -- Creative conflict -- Democracy, political voice, and voting -- 327 $a5. Global citizenship and service learning -- Civic engagement -- Leadership -- Ethics -- Questions left unanswered -- 327 $aReflection -- Epilogue -- Bibliography -- Index. 410 0$aEducational psychology collection. 606 $aService learning$vHandbooks, manuals, etc 615 0$aService learning 676 $a378.103 700 $aDuncan$b Joyce$01616989 702 $aTaylor$b Teresa Brooks 801 0$bMiAaPQ 801 1$bMiAaPQ 801 2$bMiAaPQ 906 $aBOOK 912 $a9910809749503321 996 $aThe academic, social, and psychological impacts of service learning$93947986 997 $aUNINA